000 02281nam a2200493 i 4500
001 196306
003 ES-MaACL
005 20250904042307.0
008 240908s2007 sp ||||| |||| 00| 0 spa d
017 _aM 25694-2007
_bOficina Depósito Legal Madrid
020 _a9788496832619
040 _cES-MaACL
100 1 _aPuccini, Giacomo,
_d1858-1924
_9240509
_ecmp
245 _aTosca /
_cPuccini ; libreto de Luigi Illica y Giuseppe Giacosa
_b[Grabación sonora]
260 _aMadrid :
_bPrisa Innova,
_c2007
264 _a©2007
300 _a2 discos (CD Audio) +
_e1 libro (92 páginas)
336 _2rdacontent
_amúsica (interpretada)
337 _2rdamedia
_aaudio
338 _2rdacarrier
_avolumen
490 1 _aLos clásicos de la ópera, 400 años ;
_v27
520 _aEn el año 1889, Puccini asistió a una representación de La Tosca de Victorien Sardou protagonizada por "La Divina" Sarah Bernhardt y quedó impresionado por las posibilidades operísticas de la obra, que darían lugar a esta obra maestra, que, por su trepidante ritmo y su concentración, constituye la partitura más cinematográfica de su autor.
650 7 _9137584
_aÓperas-
_vLibretos
655 7 _aLibretos
_2
_9242219
700 1 _965194
_aIllica, Luigi
_elbt
700 1 _9237867
_aGiacosa, Giuseppe,
_d1847-1906
_elbt
700 1 _9240502
_aCallas, Maria,
_d1923-1977
_eprf
700 1 _9144629
_aDi Stefano, Giuseppe
_eprf
700 1 _9238361
_aGobbi, Tito,
_d1913-1984
_eprf
700 1 _aCalabrese, Franco
_eprf
_9240663
700 1 _9238314
_aMercuriali, Angelo,
_d1909-1999
_eprf
700 1 _9238362
_aLuise, Melchiorre,
_d1898-1967
_eprf
700 1 _9238316
_aCaselli, Dario,
_dca. 1908-
_eprf
700 1 _aCordova, Alvaro
_eprf
_9240664
700 1 _aSabata, Víctor de
_emsd
_9240665
710 2 _aTeatro alla Scala
_9240666
710 2 _aTeatro alla Scala
_9240666
852 _aES-MaACL
_bR.155040
_cDEPOJ
_jN-9822
_hDonación: Miren Fernández
_pVolumen 27
_xEncuadernación cartoné
_z205729
903 _aMiren, Fernández
_ednr
942 _cMONOGRAFIA
_n0
999 _c196306
_d196306